| 000 | 00662nam a2200217Ia 4500 | ||
|---|---|---|---|
| 003 | IN-BaIIA | ||
| 008 | 211028s9999 xx 000 0 eng d | ||
| 020 | _a90-277-2538-1 | ||
| 040 | _cIIA Library | ||
| 080 |
_a082.2:52 _bIAU-S125 |
||
| 100 |
_aHelfand, D. J. _916145 |
||
| 245 | 4 |
_aThe origin and evolution of neutron stars _cD. J. Helfand |
|
| 260 |
_aDordrecht _bD. Reidel Publishing _c1987 |
||
| 300 | _axx, 572p. | ||
| 490 | _aIAU Symposium; no. 125 | ||
| 650 | _aAstronomy and Astrophysics thesaurus | ||
| 650 |
_aNeutron stars _97729 |
||
| 650 |
_aPulsars _97214 |
||
| 650 | _aSupernovae | ||
| 942 | _cBK | ||
| 999 |
_c9585 _d9585 |
||